000 00369cam a22001097a 4500
008 180718b-- xxu||||| |||| 00| 0 eng d
082 _aI5537x54 In2b
245 _aBackground to evolving a national information policy
_cby Lok Sabha Secretariat
260 _aNew Delhi
_bLok Sabha Secretariat
_c--
500 _aLibrary has 1985, 1987
700 _aIndia. Lok Sabha Secretariat
999 _c491625
_d491625